Franšíza v slovenskom práve

Franšízing predstavuje špecifický druh zmluvného podnikania, ktorý sa zakladá na dlhodobom vzťahu medzi dvoma nezávislými subjektmi – poskytovateľom franšízingu (tzv. franšízor) a jeho prijímateľom (franšízantom). Franšízor umožňuje franšízantovi používať svoje obchodné označenie, know-how, systémy...

ver descrição completa

Na minha lista:
Detalhes bibliográficos
Autor principal: Želonka, Michal
Formato: Capítulo de Livro
Idioma:eslovaco
Assuntos:
Tags: Adicionar Tag
Sem tags, seja o primeiro a adicionar uma tag!

MARC

LEADER 00000naa a2200000 4500
001 0312714
005 20251009125321.4
041 0 |a slo 
044 |a SK 
245 1 0 |a Franšíza v slovenskom práve  |c Michal Želonka 
520 |a Franšízing predstavuje špecifický druh zmluvného podnikania, ktorý sa zakladá na dlhodobom vzťahu medzi dvoma nezávislými subjektmi – poskytovateľom franšízingu (tzv. franšízor) a jeho prijímateľom (franšízantom). Franšízor umožňuje franšízantovi používať svoje obchodné označenie, know-how, systémy a podporu za vopred dohodnutých podmienok a odplatu. Ide o formu vertikálnej spolupráce, kde jeden subjekt prenáša overený podnikateľský model na iného, čím vzniká sieť podnikateľov so spoločnou značkou a štandardizovaným spôsobom fungovania. 
610 2 0 |a franšíza 
610 2 0 |a podnikanie 
610 2 0 |a prostredie podnikateľské 
610 2 0 |a zákony 
610 2 0 |a právo 
100 1 |a Želonka, Michal